|
|
|
|
| LEADER |
00000nab a2200000 a 4500 |
| 001 |
vtls000565093 |
| 003 |
SK-MaSNL |
| 005 |
20260303183344.0 |
| 008 |
150501c1995 xo 0 slo |
| 015 |
|
|
|a SNBRB19rr/mm-uuuuu
|
| 035 |
|
|
|a CL0565231
|
| 040 |
|
|
|a SNKBUCL
|b slo
|c SNKBUCL
|e AACR2
|
| 041 |
0 |
|
|a slo
|
| 044 |
|
|
|a xo
|c SK
|
| 080 |
|
|
|a 329.3:28(437.6)
|2 1981
|
| 100 |
1 |
|
|a (NS)
|4 aut
|9 847008
|
| 245 |
1 |
0 |
|a Na Sneme KDH ostrá kritika Mečiarovej politiky
|c (ns)
|
| 610 |
2 |
7 |
|a Kresťanskodemokratické hnutie (politická strana)
|2 snkbucl
|9 34649
|
| 655 |
|
7 |
|a články z novín a časopisov
|2 snkbucl
|9 267496
|
| 773 |
0 |
|
|t Pravda
|g Roč. 5, č. 268 (20. 11. 1995), s. 2
|
| 850 |
|
|
|a Slovenská národná knižnica v Martine
|a MTA001
|
| 852 |
|
|
|a SNK
|b KIS3GCP
|
| 958 |
|
|
|a RK
|
| 958 |
|
|
|a SK
|
| 992 |
|
|
|a RBX
|
| 999 |
|
|
|c 2120613
|d 2122543
|